| 000 | 00607nam a22001937a 4500 | ||
|---|---|---|---|
| 003 | OSt | ||
| 005 | 20260312020004.0 | ||
| 008 | 260312b |||||||| |||| 00| 0 eng d | ||
| 020 | _a0-13-040093-9. | ||
| 040 |
_aDWCL Main lib _cOC |
||
| 082 |
_210th ed. _aCirc. 657.42 H816i 2000 |
||
| 100 | _aHorngren, Charles T. | ||
| 245 |
_aInstructor's manual, 10th ed., cost accounting : _ba managerial emphasis _cCharles T. Horngren |
||
| 250 | _a10th ed. | ||
| 260 |
_aN. J. : _bPrentice-Hall, _cc1995. |
||
| 300 |
_a346 p. ; _c27 cm. |
||
| 650 | _a1. Cost accounting. | ||
| 942 |
_2ddc _cBK-CIRC _e10th ed. _kCirc. _n0 |
||
| 999 |
_c8997 _d8997 |
||